|
|
|
|
| LEADER |
00000nab a2200000 ar4500 |
| 001 |
vtls008850012 |
| 003 |
SK-MaSNL |
| 005 |
20260426063555.0 |
| 008 |
060928c2006 xo |||||||||||000 b|slo |
| 015 |
|
|
|a SNBRB2006/09
|2 snkbucl
|
| 038 |
|
|
|a SNKBUCL
|
| 040 |
|
|
|a SNKBUCL
|b slo
|c SNKBUCL
|e AACR2
|
| 041 |
0 |
|
|a slo
|
| 044 |
|
|
|a xo
|c SK
|
| 080 |
|
|
|a 629.332:061.5
|x (437.6)
|2 1997
|
| 100 |
1 |
|
|a Vrana, Anton
|4 aut
|4 ivr
|9 279076
|
| 245 |
1 |
0 |
|a Zamerajte sa na kvalitu
|b STM Bratislava predajné a servisné centrum návesov
|c spracoval a za rozhovor ďakuje Anton Vrana; Ján Dávid
|
| 610 |
2 |
7 |
|a STM (Bratislava, Slovensko)
|2 snkbucl
|9 1287023
|
| 650 |
0 |
7 |
|a návesy
|2 snkbucl
|9 1057191
|
| 651 |
|
7 |
|a Bratislava (Slovensko)
|2 snkbucl
|9 14568
|
| 700 |
1 |
|
|a Dávid, Ján
|4 aut
|4 ive
|9 11696
|
| 773 |
0 |
|
|t In Energo Eco
|g Roč. 1, č. 6/7 (2006), s. 35-37
|x 1336-8273
|
| 852 |
|
|
|a SNK
|b KIS3GCP
|
| 958 |
|
|
|a SK
|
| 999 |
|
|
|c 2557621
|d 2559551
|